| 000 | 00759nam a2200253Ia 4500 | ||
|---|---|---|---|
| 003 | OSt | ||
| 005 | 20221005091018.0 | ||
| 006 | a|||||r|||| 00| 0 | ||
| 007 | ta | ||
| 008 | 221004b |||||||| |||| 00| 0 eng d | ||
| 020 |
_a9780199238408 (pbk) _c645 |
||
| 024 | _a95738 | ||
| 037 |
_b04306, 14/01/2009, Atlantic Publisher & Dist. Pvt Ltd. _cTextual |
||
| 040 |
_aCRL _cCRL _beng |
||
| 041 |
_2eng _aeng |
||
| 082 | _aP, P8 | ||
| 100 | _aBlake Barry J. | ||
| 245 | 0 | _aAll about language | |
| 260 |
_aNew York _bOxford University Press U.S.A _c2008 |
||
| 300 |
_axvii, 322p. _ccm. |
||
| 650 | _aLINGUISTICS | ||
| 942 |
_hP, P8 _cTEXL _2cc |
||
| 999 |
_c996715 _d996715 |
||